| Tag |
First Indicator |
Second Indicator |
Subfields |
| LEADER |
00000cam a2200000 a 4500 |
| 001 |
in00000019809 |
| 005 |
20151007053730.0 |
| 008 |
871130s1987 enkaf 00011 eng d |
| 020 |
|
|
|a 019254506X
|
| 035 |
|
|
|a (OCoLC)17152509
|
| 035 |
|
|
|9 AAB2634AM
|
| 040 |
|
|
|a JDD
|c JDD
|d YQR
|d OCL
|d TXA
|d UtOrBLW
|
| 049 |
|
|
|a TXAM
|c 1 [A11097279], 2 [A11189513]
|
| 050 |
|
4 |
|a PR4566
|b .A1 1987
|
| 082 |
0 |
4 |
|a 823.8
|2 19
|
| 100 |
1 |
|
|a Dickens, Charles,
|d 1812-1870.
|
| 245 |
1 |
4 |
|a The old curiosity shop /
|c by Charles Dickens ; an introduction by the Earl of Wicklow.
|
| 264 |
|
1 |
|a Oxford ;
|a New York :
|b Oxford University Press,
|c 1987.
|
| 300 |
|
|
|a xv, 555 pages, 75 unnumbered leaves of plates :
|b illustrations ;
|c 19 cm.
|
| 336 |
|
|
|a text
|b txt
|2 rdacontent
|
| 337 |
|
|
|a unmediated
|b n
|2 rdamedia
|
| 338 |
|
|
|a volume
|b nc
|2 rdacarrier
|
| 490 |
1 |
|
|a The Oxford illustrated Dickens
|
| 830 |
|
0 |
|a Oxford illustrated Dickens.
|
| 999 |
|
|
|a MARS
|
| 999 |
f |
f |
|s b1e39647-a18c-3029-8d78-623adc2de175
|i 53dbbe1a-0b2a-3c1a-9e76-d423f7b9977f
|t 0
|
| 952 |
f |
f |
|p normal
|a Texas A&M University
|b College Station
|c Sterling C. Evans Library
|s Evans stk
|d Evans: Library Stacks
|t 0
|e PR4566 .A1 1987
|h Library of Congress classification
|i unmediated -- volume
|m A14811189513
|
| 998 |
f |
f |
|a PR4566 .A1 1987
|t 0
|l Evans: Library Stacks
|